000 00429nam a2200181Ia 4500
005 20240823010448.0
008 240823s9999||||xx |||||||||||||| ||und||
041 _aENGLISH
082 _A005.43 P3
100 _a"Stevens,Richard W"
245 0 _aUNIX Network Programming
250 _a2nd
260 _c2003
_b"AWP,Singapore"
500 _aTRANSFERED
650 _aUNIX
_bComputer Science
942 _cBK
999 _c158688
_d158688